000
00300nam a22001457a 4500
008
221018b ||||| |||| 00| 0 eng d
020
_a
9788867493722
041
_a
eng
080
_a
7
082
_a
7
100
_a
21.1
101
_a
ART
245
_a
FAMILY ALBUM
_c
MUJA ALBAN
942
_2
udc
_c
BK
999
_c
58602
_d
58602